Интегрированные системы проектирования и управления: учебное пособие
| Autor Principal: | |
|---|---|
| Autor Corporativo: | |
| Summary: | Заглавие с титульного экрана Электронная версия печатной публикации В пособии показаны основные принципы работы со SCADA-системами WinCC и Trace Mode. Приведены 20 вариантов индивидуальных заданий. Предлагаемые задачи предусматривают расширение знаний по проектированию автоматизированных систем управления. Предназначено для студентов, обучающихся по специальности 140100 "Теплоэнергетика и теплотехника". Режим доступа: из корпоративной сети ТПУ |
| Idioma: | ruso |
| Publicado: |
Томск, Изд-во ТПУ, 2012
|
| Subjects: | |
| Acceso en liña: | http://www.lib.tpu.ru/fulltext2/m/2013/m094.pdf |
| Formato: | Electrónico Libro |
| KOHA link: | https://koha.lib.tpu.ru/cgi-bin/koha/opac-detail.pl?biblionumber=235808 |
MARC
| LEADER | 00000nlm0a2200000 4500 | ||
|---|---|---|---|
| 001 | 235808 | ||
| 005 | 20231222120405.0 | ||
| 035 | |a (RuTPU)RU\TPU\book\256948 | ||
| 090 | |a 235808 | ||
| 100 | |a 20130417d2012 m y0rusy50 ca | ||
| 101 | 0 | |a rus | |
| 102 | |a RU | ||
| 105 | |a a j 001zy | ||
| 135 | |a drcn ---uucaa | ||
| 181 | 0 | |a i | |
| 182 | 0 | |a b | |
| 200 | 1 | |a Интегрированные системы проектирования и управления |e учебное пособие |f Е. В. Иванова |g Национальный исследовательский Томский политехнический университет (ТПУ), Энергетический институт (ЭНИН), Кафедра автоматизации теплоэнергетических процессов (АТП) | |
| 203 | |a Текст |c электронный | ||
| 210 | |a Томск |c Изд-во ТПУ |d 2012 | ||
| 300 | |a Заглавие с титульного экрана | ||
| 300 | |a Электронная версия печатной публикации | ||
| 330 | |a В пособии показаны основные принципы работы со SCADA-системами WinCC и Trace Mode. Приведены 20 вариантов индивидуальных заданий. Предлагаемые задачи предусматривают расширение знаний по проектированию автоматизированных систем управления. Предназначено для студентов, обучающихся по специальности 140100 "Теплоэнергетика и теплотехника". | ||
| 333 | |a Режим доступа: из корпоративной сети ТПУ | ||
| 337 | |a Adobe Reader | ||
| 452 | 1 | |0 (RuTPU)RU\TPU\book\257270 |t Интегрированные системы проектирования и управления |o учебно-методическое пособие |f Е. В. Иванова |g Национальный исследовательский Томский политехнический университет (ТПУ) |c Томск |n Изд-во ТПУ |d 2012 |p 87 с. |a Иванова, Евгения Владимировна | |
| 606 | 1 | |a Автоматизированные системы проектирования |x интегрированные |2 stltpush |3 (RuTPU)RU\TPU\subj\707 | |
| 610 | 1 | |a электронный ресурс | |
| 610 | 1 | |a учебные пособия | |
| 610 | 1 | |a труды учёных ТПУ | |
| 610 | 1 | |a системы проектирования | |
| 610 | 1 | |a системы управления | |
| 610 | 1 | |a индивидуальные задания | |
| 610 | 1 | |a Scada-системы | |
| 610 | 1 | |a АСУ | |
| 610 | 1 | |a программное обеспечение | |
| 610 | 1 | |a WinCC flexible | |
| 610 | 1 | |a TRACE MODE | |
| 675 | |a 658.512.2.011.56:681.3(075.8) |v 3 | ||
| 700 | 1 | |a Иванова |b Е. В. |c специалист в области автоматизации технологических процессов и производств |c доцент Томского политехнического университета, кандидат физико-математических наук |f 1984- |g Евгения Владимировна |3 (RuTPU)RU\TPU\pers\26453 |9 12156 | |
| 712 | 0 | 2 | |a Национальный исследовательский Томский политехнический университет (ТПУ) |b Энергетический институт (ЭНИН) |b Кафедра автоматизации теплоэнергетических процессов (АТП) |3 (RuTPU)RU\TPU\col\18678 |
| 801 | 1 | |a RU |b 63413507 |c 20130417 | |
| 801 | 2 | |a RU |b 63413507 |c 20140624 |g RCR | |
| 856 | 4 | |u http://www.lib.tpu.ru/fulltext2/m/2013/m094.pdf | |
| 942 | |c CF | ||